000
00285nam a22001337a 4500
008
181008b xxu||||| |||| 00| 0 eng d
020
_a
9780805371710
041
_a
eng
080
_2
7th
_a
573
100
_a
11
101
_a
BIO
245
_a
Biology
_c
Campbell,N.A
942
_2
udc
_c
BK
999
_c
49030
_d
49030